| 000 | 01147nam a22002894i 4500 | ||
|---|---|---|---|
| 003 | AR-BaSMT | ||
| 008 | 250807t2016 uka|||br|||| 001 0 eng d | ||
| 020 | _a9781409598985 | ||
| 040 |
_aBSGB _bespañol _erda |
||
| 041 | 1 |
_aeng _hinglés |
|
| 080 | _a001=111 | ||
| 100 | 1 |
_aDaynes, Katie _9452 |
|
| 245 | 1 | 0 | _aLift-the-flap Questions and Answers about Science |
| 250 | _aprimera edición | ||
| 264 |
_aLondres : _bUsborne, _c2017. |
||
| 300 |
_a12 páginas. _bIlustraciones a color, solapas desplegables. |
||
| 336 | _aTexto | ||
| 337 | _aSin Mediación | ||
| 338 | _aVolúmen | ||
| 490 | _aLift-the-Flap Questions & Answers | ||
| 520 | _aAn interactive book with over 60 flaps revealing answers to all kinds of questions about science. Children can lift the flaps to discover fascinating facts, such as how bodies grow, why astronauts float and where lightning comes from. Includes links to carefully selected websites with even more answers to simple science questions. | ||
| 521 | _aPrimaria | ||
| 650 | 4 |
_962 _aCIENCIA _xInglés |
|
| 700 | 1 |
_aTremblay, Marie-Ève _eIlustración _9453 |
|
| 942 |
_2ddc _aBOOK |
||
| 999 |
_c615 _d615 |
||